[Event "Montreal op U2000"]
[Site "Montreal CAN"]
[Date "2016.09.10"]
[Round "3.33"]
[White "Ostaci, Liviu"]
[Black "Baran, Marius"]
[Result "0-1"]
[WhiteElo "1608"]
[BlackElo "1711"]
[PlyCount "116"]
[EventDate "2016.09.09"]
[EventType "swiss"]
[EventRounds "5"]
[EventCountry "CAN"]

1. Nf3 d5 2. d4 Nf6 3. Bg5 e6 4. e3 Be7 5. c4 h6 6. Bh4 O-O 7. Nc3 c6 8. Rc1
Nbd7 9. Bd3 dxc4 10. Bxc4 Nd5 11. Bxe7 Qxe7 12. O-O Nxc3 13. Rxc3 e5 14. Re1 e4
15. Nd2 Nf6 16. f4 Be6 17. Qb1 Bd5 18. Bxd5 Nxd5 19. Rc5 Rfe8 20. a3 Qe6 21.
Qc2 f6 22. Qb3 Nb6 23. Qxe6+ Rxe6 24. Rec1 Nd5 25. Kf2 Nxf4 26. exf4 e3+ 27.
Ke2 exd2+ 28. Kxd2 Rae8 29. R1c2 Re2+ 30. Kd1 Re1+ 31. Kd2 R1e2+ 32. Kd1 Rxc2
33. Rxc2 Re4 34. g3 Rxd4+ 35. Ke2 Kf7 36. Ke3 Rd5 37. Ke4 f5+ 38. Ke3 Ke6 39.
Rc1 Kd6 40. Rc2 b6 41. Rc1 c5 42. Rc2 b5 43. Ke2 c4 44. Kf2 a5 45. Ke2 Rd4 46.
Ke1 Kd5 47. Kf1 b4 48. axb4 axb4 49. Ke1 Rd3 50. Ke2 Kd4 51. Ke1 c3 52. b3 g5
53. fxg5 hxg5 54. Rf2 Ke4 55. Ra2 f4 56. gxf4 gxf4 57. Ra8 c2 58. Ra1 Rxb3 0-1

[Event "Montreal op U2000"]
[Site "Montreal CAN"]
[Date "2016.09.10"]
[Round "3.34"]
[White "Cui, Cynthia"]
[Black "Hetman, Jacob"]
[Result "1/2-1/2"]
[WhiteElo "1700"]
[BlackElo "1383"]
[PlyCount "101"]
[EventDate "2016.09.09"]
[EventType "swiss"]
[EventRounds "5"]
[EventCountry "CAN"]

1. c4 Nf6 2. g3 e6 3. Bg2 d5 4. Nf3 c5 5. cxd5 exd5 6. d4 Nc6 7. O-O Bg4 8.
dxc5 Bxc5 9. Qc2 Ne4 10. Nc3 Nb4 11. Qa4+ Bd7 12. Qd1 Bf5 13. Ne1 Qb6 14. Nxe4
dxe4 15. a3 Nc6 16. Qa4 e3 17. Bxe3 Bxe3 18. fxe3 Qxe3+ 19. Kh1 Bd7 20. Nc2 Qb6
21. Qe4+ Be6 22. Bh3 Qb3 23. Rf3 Qd5 24. Re3 O-O 25. Bxe6 fxe6 26. Qxd5 exd5
27. Rd1 Rf5 28. Kg2 Rd8 29. Red3 Re5 30. R3d2 Rde8 31. Kf2 Rf5+ 32. Kg1 Re4 33.
e3 Rc4 34. Ne1 Ne7 35. Ng2 g5 36. Ne1 Kf7 37. Nc2 Nc6 38. Nd4 Re5 39. Kf2 Nxd4
40. Rxd4 Rc5 41. g4 Ke6 42. R1d2 Rc7 43. R4d3 h5 44. gxh5 Rh7 45. Kg3 Rxh5 46.
Rc2 Rh7 47. Rc5 Re7 48. Rcc3 Re4 49. Rc5 Re5 50. Rcc3 Kf5 51. h3 1/2-1/2

[Event "Montreal op U2000"]
[Site "Montreal CAN"]
[Date "2016.09.10"]
[Round "3.36"]
[White "Cote, Claude"]
[Black "Pregent, Daniel"]
[Result "1-0"]
[WhiteElo "1566"]
[BlackElo "1735"]
[PlyCount "87"]
[EventDate "2016.09.09"]
[EventType "swiss"]
[EventRounds "5"]
[EventCountry "CAN"]

1. e4 c5 2. Nc3 Nc6 3. g3 Nf6 4. Bg2 e5 5. d3 d6 6. Nce2 Be7 7. f4 O-O 8. Nf3
Bg4 9. O-O Qc7 10. c3 Rad8 11. h3 Bc8 12. Kh2 Rfe8 13. f5 d5 14. Nd2 dxe4 15.
dxe4 b6 16. Qe1 Bb7 17. Ng1 Ba6 18. Rf3 Rd7 19. Bf1 Bb7 20. Bd3 Red8 21. Bc2 b5
22. Nf1 c4 23. Rf2 Bc5 24. Be3 Qb6 25. Bxc5 Qxc5 26. Nf3 Ne7 27. Rd2 Nxf5 28.
Rxd7 Rxd7 29. Nxe5 Qxe5 30. exf5 Re7 31. Qf2 Qd5 32. Nd2 h5 33. Rf1 Re3 34. Bd1
h4 35. Bf3 Qd3 36. Kg1 Bxf3 37. Nxf3 Ne4 38. Qg2 Nxg3 39. Rf2 Nxf5 40. Rd2 Qe4
41. Rd8+ Qe8 42. Rxe8+ Rxe8 43. Qf2 g5 44. Nxg5 1-0

[Event "Montreal op U2000"]
[Site "Montreal CAN"]
[Date "2016.09.10"]
[Round "3.37"]
[White "O'Connor, Michael"]
[Black "Turgeon, Yoakim"]
[Result "1/2-1/2"]
[WhiteElo "1715"]
[BlackElo "1652"]
[PlyCount "73"]
[EventDate "2016.09.09"]
[EventType "swiss"]
[EventRounds "5"]
[EventCountry "CAN"]

1. d4 d5 2. e3 e6 3. Bd3 Bd6 4. Nd2 c6 5. f4 f5 6. Ngf3 Nf6 7. Ne5 O-O 8. O-O
Ne4 9. Ndf3 Bd7 10. Nxd7 Nxd7 11. Bxe4 fxe4 12. Ne5 Nxe5 13. fxe5 Be7 14. Rxf8+
Qxf8 15. Qf1 Qxf1+ 16. Kxf1 Rf8+ 17. Ke2 Rf5 18. Bd2 Rh5 19. Rh1 Kf7 20. h3 Rf5
21. Rf1 Rxf1 22. Kxf1 Bh4 23. Be1 Bxe1 24. Kxe1 Kg6 25. Kf2 Kh5 26. g3 g5 27.
Ke2 g4 28. h4 Kg6 29. Kd2 b6 30. c3 Kf7 31. Kc2 Ke7 32. b4 Kd7 33. a4 c5 34. b5
Kc7 35. Kb2 Kb7 36. Ka3 a6 37. Kb2 1/2-1/2

[Event "Montreal op U2000"]
[Site "Montreal CAN"]
[Date "2016.09.11"]
[Round "4.1"]
[White "Mangahas, Ronald"]
[Black "Esterez, Emmanuel"]
[Result "0-1"]
[WhiteElo "1834"]
[BlackElo "1899"]
[PlyCount "108"]
[EventDate "2016.09.09"]
[EventType "swiss"]
[EventRounds "5"]
[EventCountry "CAN"]

1. e4 Nf6 2. Nc3 e5 3. Nf3 d6 4. d4 Nbd7 5. Bc4 Be7 6. O-O O-O 7. Bg5 c6 8. h3
b5 9. Bd3 a6 10. Ne2 Re8 11. Ng3 c5 12. c3 Qc7 13. Rc1 c4 14. Bb1 Bb7 15. Qd2
g6 16. Rcd1 a5 17. Rfe1 Ra6 18. Bh6 Nf8 19. Nh2 exd4 20. cxd4 b4 21. d5 N8d7
22. Rc1 Raa8 23. Qd4 Ba6 24. Bd3 Qb6 25. Qxb6 Nxb6 26. Bb1 Rac8 27. Be3 Nfd7
28. Nf3 Bf6 29. Nd4 Na4 30. b3 Nc3 31. Nc6 Nxb1 32. Rxb1 c3 33. Bd4 Bb5 34.
Bxf6 Nxf6 35. Nxa5 Bd3 36. Rbc1 Bxe4 37. Nc6 Bxd5 38. Ne7+ Kf8 39. Nxc8 Rxc8
40. f3 Re8 41. Rxe8+ Kxe8 42. Kf2 Kd7 43. Ke3 Kc6 44. Ne2 Nd7 45. Nf4 Nc5 46.
Nd3 Kb5 47. Nxc5 Kxc5 48. g4 h5 49. gxh5 gxh5 50. h4 Be6 51. Rg1 d5 52. Rg5 Kd6
53. Rxh5 d4+ 54. Kxd4 Bc4 0-1

[Event "Montreal op U2000"]
[Site "Montreal CAN"]
[Date "2016.09.11"]
[Round "4.2"]
[White "Dube, Daniel"]
[Black "Langlois-Remillard, Alexis"]
[Result "0-1"]
[WhiteElo "1818"]
[BlackElo "1873"]
[PlyCount "40"]
[EventDate "2016.09.09"]
[EventType "swiss"]
[EventRounds "5"]
[EventCountry "CAN"]

1. e4 e6 2. d4 d5 3. Nc3 Bb4 4. exd5 exd5 5. Bd3 Nc6 6. Nf3 Nge7 7. a3 Bxc3+ 8.
bxc3 Bg4 9. O-O Qd7 10. Re1 O-O-O 11. Rb1 b6 12. Qe2 Rde8 13. Be3 g5 14. Qf1
Bxf3 15. gxf3 Nf5 16. Bxf5 Qxf5 17. Qb5 Qxf3 18. c4 Qg4+ 19. Kf1 Qh3+ 20. Ke2
Nxd4+ 0-1

[Event "Montreal op U2000"]
[Site "Montreal CAN"]
[Date "2016.09.11"]
[Round "4.3"]
[White "Ivakhin, Mikhail"]
[Black "Lalonde, Jean-Louis"]
[Result "1-0"]
[WhiteElo "1997"]
[BlackElo "1824"]
[PlyCount "107"]
[EventDate "2016.09.09"]
[EventType "swiss"]
[EventRounds "5"]
[EventCountry "CAN"]

1. e4 c5 2. f4 e6 3. d3 g6 4. Nf3 Bg7 5. c3 Ne7 6. Be2 Nbc6 7. Na3 d6 8. O-O a6
9. Nc2 b5 10. a3 Bb7 11. Ne3 Qd7 12. Bd2 d5 13. e5 d4 14. Ng4 h5 15. Nf2 Nf5
16. Ne4 Qe7 17. Nfg5 f6 18. exf6 Bxf6 19. Nxf6+ Qxf6 20. Bf3 O-O 21. Re1 Rfe8
22. Ne4 Qf8 23. b4 dxc3 24. Bxc3 Ncd4 25. bxc5 Bd5 26. Rc1 Ra7 27. Bb2 Rc7 28.
Kh1 Rd8 29. Bc3 Rdc8 30. Rb1 Rd7 31. Qd2 Nxf3 32. gxf3 Bxe4 33. fxe4 Nd4 34.
Rg1 Kh7 35. Bxd4 Rxd4 36. Qe3 Qf6 37. Rbc1 Rd7 38. c6 Rdc7 39. e5 Qd8 40. Qe4
Qd5 41. Qxd5 exd5 42. Rc5 Rf8 43. Rgc1 Rfc8 44. Rxd5 Rxc6 45. Rd7+ Kg8 46. Rxc6
Rxc6 47. Kg2 Kf8 48. Kf3 Rc3 49. Ke4 Rxa3 50. e6 Ra1 51. Ke5 Ke8 52. Ra7 Rd1
53. Kf6 Rxd3 54. Ra8+ 1-0

[Event "Montreal op U2000"]
[Site "Montreal CAN"]
[Date "2016.09.11"]
[Round "4.4"]
[White "Ma, Indy"]
[Black "Trochu, Julien"]
[Result "0-1"]
[WhiteElo "1717"]
[BlackElo "1992"]
[PlyCount "94"]
[EventDate "2016.09.09"]
[EventType "swiss"]
[EventRounds "5"]
[EventCountry "CAN"]

1. d4 d5 2. c4 c6 3. Nf3 Nf6 4. Nc3 e6 5. Bg5 Be7 6. e3 Nbd7 7. Bd3 dxc4 8.
Bxc4 Nd5 9. Bxe7 Qxe7 10. O-O Nxc3 11. bxc3 e5 12. e4 O-O 13. Re1 b5 14. Bb3
Bb7 15. a4 a6 16. axb5 axb5 17. Rxa8 Bxa8 18. Qa1 c5 19. d5 c4 20. Bc2 Qc5 21.
Qa5 Rb8 22. Ra1 f6 23. Qa7 Bb7 24. Qxc5 Nxc5 25. Ra7 Kf8 26. g4 g5 27. Nd2 Ke7
28. Nf1 Na6 29. Ng3 Kd6 30. Nh5 Kc5 31. Nxf6 Kb6 32. Rxa6+ Kxa6 33. Nxh7 Bc8
34. Nxg5 b4 35. cxb4 Rxb4 36. Kf1 Rb2 37. Bd1 c3 38. Ke1 c2 39. Bxc2 Rxc2 40.
h3 Kb6 41. Nf7 Ba6 42. Kd1 Rxf2 43. Nxe5 Kc5 44. h4 Kd4 45. Ng6 Bd3 46. d6 Kc3
47. d7 Rf1# 0-1

[Event "Montreal op U2000"]
[Site "Montreal CAN"]
[Date "2016.09.11"]
[Round "4.5"]
[White "Lalmi, Anouar"]
[Black "Saine, Zachary"]
[Result "1-0"]
[WhiteElo "1988"]
[BlackElo "1822"]
[PlyCount "49"]
[EventDate "2016.09.09"]
[EventType "swiss"]
[EventRounds "5"]
[EventCountry "CAN"]

1. e4 e5 2. Nf3 Nc6 3. d4 exd4 4. Bc4 Bc5 5. c3 Nf6 6. cxd4 Bb4+ 7. Nc3 d5 8.
exd5 Nxd5 9. O-O Bxc3 10. bxc3 O-O 11. Qd3 h6 12. Bb3 Nf6 13. h3 Re8 14. Bxh6
Ne4 15. Bf4 Bf5 16. Ng5 Nd6 17. Bxf7+ Kh8 18. Qg3 Qf6 19. Bxe8 Rxe8 20. Bxd6
cxd6 21. Rfe1 Rc8 22. Re3 Qg6 23. Rae1 Qh5 24. Qf4 Bg6 25. Re8+ 1-0

[Event "Montreal op U2000"]
[Site "Montreal CAN"]
[Date "2016.09.11"]
[Round "4.6"]
[White "Desjardins, Michel"]
[Black "Zhong, Kevin"]
[Result "1-0"]
[WhiteElo "1931"]
[BlackElo "1652"]
[PlyCount "135"]
[EventDate "2016.09.09"]
[EventType "swiss"]
[EventRounds "5"]
[EventCountry "CAN"]

1. e4 c5 2. c3 d5 3. exd5 Qxd5 4. d4 Nc6 5. Nf3 Bg4 6. dxc5 Qxd1+ 7. Kxd1 e5 8.
b4 O-O-O+ 9. Kc2 Bxf3 10. gxf3 Nf6 11. Bc4 Nd5 12. Nd2 Be7 13. Ne4 f6 14. a3
Nf4 15. Ng3 g6 16. Bd2 Kc7 17. h4 f5 18. Ne2 Nxe2 19. Bxe2 Bf6 20. Bg5 Bxg5 21.
hxg5 Ne7 22. Bc4 Nc6 23. Rad1 Rxd1 24. Rxd1 h6 25. Rh1 h5 26. Bf7 Ne7 27. Re1
Rf8 28. Bb3 e4 29. f4 Rd8 30. f3 Nd5 31. Bxd5 Rxd5 32. fxe4 fxe4 33. Rxe4 h4
34. Re7+ Rd7 35. Re6 h3 36. Re2 Rh7 37. Rh2 Rh4 38. Kd3 Rxf4 39. Rxh3 Rg4 40.
Rh7+ Kb8 41. Rg7 Rxg5 42. Kc4 a6 43. a4 Rg1 44. b5 axb5+ 45. axb5 g5 46. b6 Kc8
47. c6 bxc6 48. Kc5 Rc1 49. c4 Kb8 50. Rxg5 Kb7 51. Rg7+ Kb8 52. Rc7 Rb1 53.
Kxc6 Rc1 54. c5 Rh1 55. Rd7 Rh6+ 56. Rd6 Rh8 57. b7 Re8 58. Kb6 Re6 59. Kc6 Re8
60. Kd7 Rh8 61. c6 Rh7+ 62. Ke6 Rh8 63. Rd7 Rh6+ 64. Kd5 Rh5+ 65. Kd6 Rh6+ 66.
Kc5 Rh8 67. Kb6 Re8 68. c7# 1-0

[Event "Montreal op U2000"]
[Site "Montreal CAN"]
[Date "2016.09.11"]
[Round "4.7"]
[White "Gil, Bernardo"]
[Black "Leblanc, Paul"]
[Result "0-1"]
[WhiteElo "1571"]
[BlackElo "1910"]
[PlyCount "49"]
[EventDate "2016.09.09"]
[EventType "swiss"]
[EventRounds "5"]
[EventCountry "CAN"]

1. d4 d5 2. Nf3 Nf6 3. e3 Bg4 4. Nbd2 e6 5. Bd3 Bd6 6. O-O O-O 7. Qe1 Nbd7 8.
h3 Bh5 9. b3 e5 10. e4 Re8 11. Bb2 dxe4 12. Nxe4 Nxe4 13. Qxe4 Nf6 14. Qxb7 e4
15. Bb5 Rb8 16. Qxa7 Rxb5 17. Nd2 Qd7 18. Rfe1 Qf5 19. c4 Ra5 20. Qb7 e3 21.
fxe3 Qc2 22. c5 Bg3 23. Nc4 Bxe1 24. Rxe1 Rxa2 25. Qxc7 {...} 0-1

[Event "Montreal op U2000"]
[Site "Montreal CAN"]
[Date "2016.09.11"]
[Round "4.8"]
[White "Lauron, Ranel"]
[Black "Mathews, Theo"]
[Result "1-0"]
[WhiteElo "1953"]
[BlackElo "1583"]
[PlyCount "43"]
[EventDate "2016.09.09"]
[EventType "swiss"]
[EventRounds "5"]
[EventCountry "CAN"]

1. e4 c5 2. d4 cxd4 3. Qxd4 Nc6 4. Qe3 Nf6 5. Nc3 e5 6. Bd2 Bb4 7. O-O-O O-O 8.
f4 d6 9. Nf3 Bc5 10. Qd3 Ng4 11. Na4 Bb6 12. Nxb6 Qxb6 13. h3 Nf6 14. Bc3 Qc7
15. Be2 a6 16. Rhf1 b5 17. fxe5 dxe5 18. Nh4 Qe7 19. Nf5 Bxf5 20. Rxf5 b4 21.
Bd2 Qe6 22. Kb1 {...} 1-0

[Event "Montreal op U2000"]
[Site "Montreal CAN"]
[Date "2016.09.11"]
[Round "4.10"]
[White "Robillard, Jean-Philippe"]
[Black "Bleau, John"]
[Result "0-1"]
[WhiteElo "1636"]
[BlackElo "1907"]
[PlyCount "52"]
[EventDate "2016.09.09"]
[EventType "swiss"]
[EventRounds "5"]
[EventCountry "CAN"]

1. d4 Nf6 2. c4 e6 3. Nf3 d5 4. Bg5 Be7 5. Nc3 O-O 6. e3 b6 7. Bd3 Bb7 8. Bxf6
Bxf6 9. cxd5 exd5 10. O-O c5 11. Rc1 Nd7 12. Re1 g6 13. Qa4 c4 14. Bb1 a6 15.
e4 b5 16. Qd1 dxe4 17. Nxe4 Bg7 18. h4 Nf6 19. b3 cxb3 20. Qxb3 Bd5 21. Qb4 Rc8
22. Rxc8 Qxc8 23. Ne5 Nxe4 24. Bxe4 Bxe4 25. Rxe4 Qb7 26. Qb1 Qd5 {...} 0-1

[Event "Montreal op U2000"]
[Site "Montreal CAN"]
[Date "2016.09.11"]
[Round "4.11"]
[White "Blanchet, Robert"]
[Black "Messaoudene, Kamel"]
[Result "1-0"]
[WhiteElo "1846"]
[BlackElo "1775"]
[PlyCount "91"]
[EventDate "2016.09.09"]
[EventType "swiss"]
[EventRounds "5"]
[EventCountry "CAN"]

1. e4 c6 2. d4 d6 3. Nc3 h6 4. Be3 Nf6 5. Bd3 Bg4 6. f3 Bh5 7. Nge2 Bg6 8. Nf4
Bh7 9. Qd2 e5 10. Nfe2 b5 11. a3 Nbd7 12. O-O Nh5 13. d5 cxd5 14. Nxd5 a6 15.
c4 bxc4 16. Bxc4 Nhf6 17. Nec3 Be7 18. Rfd1 Bf8 19. b4 Nxd5 20. Nxd5 f5 21.
Rac1 f4 22. Bf2 Bg8 23. Nc7+ Qxc7 24. Bf7+ Bxf7 25. Rxc7 Rd8 26. Qd3 Be7 27.
Qxa6 O-O 28. a4 Bb3 29. Rdc1 Ra8 30. Ra7 Nb8 31. Qb7 Rxa7 32. Qxa7 Bf6 33. b5
d5 34. Rc3 Bc4 35. Bc5 Rd8 36. Be7 Re8 37. Bxf6 gxf6 38. exd5 Bxd5 39. Rc7 Be6
40. Rg7+ Kf8 41. Rh7 Nd7 42. Rxd7 Bxd7 43. Qxd7 Re7 44. Qd6 Kf7 45. b6 Re6 46.
Qxe6+ 1-0

[Event "Montreal op U2000"]
[Site "Montreal CAN"]
[Date "2016.09.11"]
[Round "4.13"]
[White "Lalumiere, Etienne"]
[Black "Lamoureux, Yvon"]
[Result "1-0"]
[WhiteElo "1595"]
[BlackElo "1791"]
[PlyCount "59"]
[EventDate "2016.09.09"]
[EventType "swiss"]
[EventRounds "5"]
[EventCountry "CAN"]

1. d4 Nf6 2. c4 c5 3. d5 e6 4. Nc3 exd5 5. cxd5 d6 6. e4 g6 7. Bd3 Bg7 8. h3
O-O 9. Bf4 a6 10. a4 Nh5 11. Bh2 Be5 12. Bxe5 dxe5 13. Nf3 Nd7 14. O-O Nhf6 15.
Nd2 Ne8 16. Qc2 Nd6 17. Nc4 Qc7 18. Nb1 Nxc4 19. Bxc4 Nf6 20. Nd2 Ne8 21. Bd3
Nd6 22. Rfc1 b6 23. b4 Nb7 24. Nb3 f5 25. f3 fxe4 26. fxe4 Bd7 27. bxc5 bxc5
28. Nxc5 Qb6 29. Rab1 Qa7 30. Rxb7 1-0

[Event "Montreal op U2000"]
[Site "Montreal CAN"]
[Date "2016.09.11"]
[Round "4.14"]
[White "Mercure, Gilbert"]
[Black "Sahuguet, Nicolas"]
[Result "1/2-1/2"]
[WhiteElo "1747"]
[BlackElo "1963"]
[PlyCount "145"]
[EventDate "2016.09.09"]
[EventType "swiss"]
[EventRounds "5"]
[EventCountry "CAN"]

1. e4 e6 2. d4 d5 3. exd5 exd5 4. Bb5+ c6 5. Bd3 Nf6 6. Bf4 Be7 7. Nf3 Bg4 8.
h3 Bh5 9. Nbd2 Nbd7 10. c3 Bg6 11. Qe2 Bxd3 12. Qxd3 O-O 13. O-O Re8 14. Rfe1
Qb6 15. b4 a5 16. a3 a4 17. Re3 Bf8 18. Rae1 Rxe3 19. Rxe3 Re8 20. Ne5 Nxe5 21.
Bxe5 Nd7 22. Bf4 Qd8 23. g4 Rxe3 24. fxe3 h5 25. g5 Nb6 26. Qf5 Qd7 27. Qxd7
Nxd7 28. Bc7 f5 29. Kf2 Kf7 30. h4 Ke6 31. c4 dxc4 32. Nxc4 Kd5 33. Nd2 Bxb4
34. axb4 a3 35. Ke2 a2 36. Nb3 Kc4 37. Na1 Kc3 38. Kd1 Kb2 39. Nc2 a1=Q+ 40.
Nxa1 Kxa1 41. Kc2 Ka2 42. Kc3 Nf8 43. Kc4 Ne6 44. Bf4 b5+ 45. Kc3 Nxf4 46. exf4
Ka3 47. g6 Ka4 48. d5 cxd5 49. Kd4 Kxb4 50. Kxd5 Kc3 51. Ke6 b4 52. Kf7 b3 53.
Kxg7 b2 54. Kh7 b1=Q 55. g7 Qg1 56. g8=Q Qxg8+ 57. Kxg8 Kd4 58. Kg7 Ke4 59. Kg6
Kxf4 60. Kxh5 Kg3 61. Kg5 f4 62. h5 f3 63. h6 f2 64. h7 f1=Q 65. h8=Q Qf4+ 66.
Kg6 Qe4+ 67. Kg7 Qe5+ 68. Kg8 Qe6+ 69. Kh7 Qf5+ 70. Kg8 Qc8+ 71. Kh7 Qd7+ 72.
Qg7+ Qxg7+ 73. Kxg7 1/2-1/2

[Event "Montreal op U2000"]
[Site "Montreal CAN"]
[Date "2016.09.11"]
[Round "4.16"]
[White "Johnson-Constantin, Matthieu"]
[Black "Supsup, Ferdinand"]
[Result "1-0"]
[WhiteElo "1858"]
[BlackElo "1735"]
[PlyCount "59"]
[EventDate "2016.09.09"]
[EventType "swiss"]
[EventRounds "5"]
[EventCountry "CAN"]

1. e4 e5 2. Nf3 Nc6 3. Bb5 a6 4. Ba4 Nf6 5. O-O Be7 6. Re1 b5 7. Bb3 O-O 8. c3
d6 9. h3 Kh8 10. d4 Bb7 11. Nbd2 Ng8 12. Nf1 f5 13. exf5 Rxf5 14. Ng3 Rf8 15.
dxe5 Na5 16. Bd5 Nc6 17. exd6 Bxd6 18. Ne4 Nf6 19. Nxf6 Qxf6 20. Bg5 Qg6 21.
Qd2 h6 22. Re6 Qh5 23. Bh4 Rxf3 24. Bxf3 Qxh4 25. Rae1 Rf8 26. Re8 Qf6 27. R1e6
Qh4 28. Rxf8+ Bxf8 29. Bxc6 Qc4 30. Re8 1-0

[Event "Montreal op U2000"]
[Site "Montreal CAN"]
[Date "2016.09.11"]
[Round "4.17"]
[White "Lemieux, Serge"]
[Black "Uthayakumar, Ronan"]
[Result "0-1"]
[WhiteElo "1734"]
[BlackElo "1849"]
[PlyCount "136"]
[EventDate "2016.09.09"]
[EventType "swiss"]
[EventRounds "5"]
[EventCountry "CAN"]

1. d4 Nf6 2. e3 g6 3. Bd3 d5 4. Nd2 Bg7 5. f4 c5 6. c3 c4 7. Bc2 Nc6 8. Ngf3
Bg4 9. O-O O-O 10. h3 Bxf3 11. Qxf3 b5 12. g4 e6 13. Rf2 Ne8 14. h4 f5 15. g5
Nd6 16. h5 Re8 17. Rh2 Kf7 18. Qh3 b4 19. Nf3 bxc3 20. Ne5+ Nxe5 21. dxe5 cxb2
22. Bxb2 Ne4 23. Bxe4 dxe4 24. Bd4 a6 25. Rc2 Rc8 26. Rac1 Qa5 27. Qg2 Qb5 28.
Qe2 Rc6 29. Rb2 Qd5 30. Rb4 Rec8 31. Rc3 Bf8 32. hxg6+ hxg6 33. Rb7+ R8c7 34.
Qb2 Qd7 35. Rxc7 Qxc7 36. a3 Kg8 37. Qe2 Qa5 38. Qb2 Qc7 39. Qe2 Qc8 40. Kg2
Be7 41. Kg3 Bd8 42. Qh2 Qb7 43. Rc1 Qg7 44. Bc3 Bb6 45. Qd2 Qa7 46. Bd4 Bxd4
47. exd4 Qd7 48. Kf2 Qd5 49. Ke3 Qb5 50. Rc3 a5 51. Qc2 a4 52. Kf2 Qd5 53. Ke3
Qb5 54. Kf2 Rc7 55. Rh3 Rh7 56. Rxh7 Kxh7 57. Qd2 Qb3 58. Qa5 Qb2+ 59. Ke1 Qxa3
60. Qc7+ Kg8 61. Qc8+ Kf7 62. Qc7+ Qe7 63. Qxc4 a3 64. d5 exd5 65. Qxd5+ Kg7
66. Qb3 Qa7 67. e6 a2 68. Qb2+ Kg8 0-1

[Event "Montreal op U2000"]
[Site "Montreal CAN"]
[Date "2016.09.11"]
[Round "4.18"]
[White "Baran, Marius"]
[Black "Oroczo, Joey"]
[Result "1-0"]
[WhiteElo "1711"]
[BlackElo "1841"]
[PlyCount "125"]
[EventDate "2016.09.09"]
[EventType "swiss"]
[EventRounds "5"]
[EventCountry "CAN"]

1. e4 c5 2. Nf3 Nc6 3. d4 cxd4 4. Nxd4 Nf6 5. Nc3 e6 6. f3 a6 7. Bc4 Qc7 8. Bb3
b5 9. a3 Bb7 10. Be3 Be7 11. Qd2 O-O 12. g4 Rac8 13. O-O-O Qb8 14. Nxc6 Bxc6
15. h4 a5 16. Ne2 Nxe4 17. Qxa5 Nf6 18. Nd4 Nd5 19. Nxc6 dxc6 20. Qa7 Qxa7 21.
Bxa7 Ra8 22. Bf2 Rfd8 23. Rhe1 h6 24. c3 Bf8 25. Kc2 c5 26. Bxd5 exd5 27. Re5
b4 28. axb4 cxb4 29. Rexd5 Rxd5 30. Rxd5 Rc8 31. Bd4 Be7 32. g5 hxg5 33. hxg5
bxc3 34. bxc3 Rd8 35. Rxd8+ Bxd8 36. f4 f6 37. gxf6 gxf6 38. f5 Kf7 39. Kd3 Ke7
40. Ke3 Kd6 41. c4 Kc6 42. Kf4 Kd6 43. Kg4 Ke7 44. Kh5 Kf7 45. Kh6 Bc7 46. c5
Bd8 47. c6 Ba5 48. Kh5 Bd8 49. Bc5 Bc7 50. Kh6 Bf4+ 51. Kh7 Bc7 52. Kh8 Be5 53.
Bb6 Ke8 54. Kg7 Ke7 55. Bc5+ Ke8 56. Kg6 Bc3 57. Bd6 Bd4 58. Bg3 Kd8 59. Kf7
Bb2 60. Ke6 Kc8 61. Bh4 Kc7 62. Bxf6 Ba3 63. Kd5 1-0

[Event "Montreal op U2000"]
[Site "Montreal CAN"]
[Date "2016.09.11"]
[Round "4.19"]
[White "Tanaka, Tyler"]
[Black "Pinsonneault, Marc"]
[Result "1-0"]
[WhiteElo "1813"]
[BlackElo "1682"]
[PlyCount "59"]
[EventDate "2016.09.09"]
[EventType "swiss"]
[EventRounds "5"]
[EventCountry "CAN"]

1. e4 c5 2. Nf3 e6 3. d4 cxd4 4. Nxd4 Nc6 5. c4 Nf6 6. Nc3 Bb4 7. Nxc6 bxc6 8.
Bd3 e5 9. O-O O-O 10. Bg5 Be7 11. Qc2 Ng4 12. Bxe7 Qxe7 13. h3 Nf6 14. Kh1 d6
15. Rac1 Bb7 16. Rfd1 Rac8 17. Qb3 Rfd8 18. Qa3 Ba8 19. Rd2 Rd7 20. Rcd1 Rcd8
21. Bc2 Qe6 22. Bb3 Qe7 23. Qa6 Kf8 24. Ba4 Rb7 25. c5 Ne8 26. Bxc6 Rbb8 27.
Bxa8 Rxa8 28. cxd6 Qe6 29. Qa3 Rd7 30. Na4 1-0

[Event "Montreal op U2000"]
[Site "Montreal CAN"]
[Date "2016.09.11"]
[Round "4.20"]
[White "Kaneshalingam, Mathanhe"]
[Black "Zhong, Wenxuan"]
[Result "0-1"]
[WhiteElo "1694"]
[BlackElo "1805"]
[PlyCount "100"]
[EventDate "2016.09.09"]
[EventType "swiss"]
[EventRounds "5"]
[EventCountry "CAN"]

1. e4 d6 2. d4 Nf6 3. Nc3 g6 4. Nge2 Bg7 5. g3 O-O 6. Bg2 Nc6 7. O-O e5 8. dxe5
Nxe5 9. f4 Nc6 10. h3 Ne8 11. f5 g5 12. Nd5 h6 13. c3 Nf6 14. g4 Re8 15. Ng3
Ne5 16. Nxf6+ Bxf6 17. Qc2 b6 18. Be3 Ba6 19. Rfd1 Nc4 20. Bf2 Be5 21. Nf1 c5
22. Ne3 Nxe3 23. Bxe3 Qf6 24. Re1 Bb7 25. Rad1 b5 26. Bf2 a5 27. Re2 Ba6 28.
Ree1 b4 29. cxb4 axb4 30. Rb1 Reb8 31. Red1 Bb5 32. a3 b3 33. Qd2 Bc6 34. Be3
Ra4 35. Qd3 c4 36. Qe2 Ba8 37. Qd2 Bxb2 38. Qxd6 Qxd6 39. Rxd6 Bxa3 40. Rxh6
Bf8 41. Rf6 Be7 42. Rh6 Kg7 43. Rh5 c3 44. f6+ Bxf6 45. Bxg5 Bxg5 46. Rxg5+ Kf8
47. Rh5 Ke7 48. Rd1 b2 49. Re5+ Kf8 50. Rb1 Ra1 0-1

[Event "Montreal op U2000"]
[Site "Montreal CAN"]
[Date "2016.09.11"]
[Round "4.21"]
[White "Guipi Bopala, Prince Eric jr"]
[Black "Cui, Leonardo"]
[Result "1-0"]
[WhiteElo "1802"]
[BlackElo "1642"]
[PlyCount "87"]
[EventDate "2016.09.09"]
[EventType "swiss"]
[EventRounds "5"]
[EventCountry "CAN"]

1. d4 d6 2. c4 Nf6 3. Nc3 g6 4. e4 Bg7 5. f3 O-O 6. Be3 Nc6 7. Nge2 e5 8. d5
Ne7 9. Qd2 Nd7 10. g4 a6 11. Ng3 f5 12. gxf5 gxf5 13. exf5 Nxf5 14. Bg5 Bf6 15.
Bxf6 Qxf6 16. Nxf5 Qxf5 17. Rg1+ Kf7 18. Bd3 Qh5 19. O-O-O Nf6 20. Ne4 Bd7 21.
Rg5 Qh4 22. Nxf6 Kxf6 23. Rdg1 Ke7 24. Be4 Rf7 25. Kb1 Raf8 26. Rg7 Rxg7 27.
Rxg7+ Rf7 28. Qg5+ Qxg5 29. Rxg5 Kf8 30. Kc2 Rg7 31. Rxg7 Kxg7 32. b4 h6 33. c5
Kf6 34. c6 bxc6 35. dxc6 Bf5 36. a4 d5 37. Bxf5 Kxf5 38. b5 axb5 39. a5 e4 40.
fxe4+ dxe4 41. a6 b4 42. a7 e3 43. a8=Q e2 44. Qe8 1-0

[Event "Montreal op U2000"]
[Site "Montreal CAN"]
[Date "2016.09.11"]
[Round "4.22"]
[White "Duplessis, Jean-Roch"]
[Black "Cisse, Lamine"]
[Result "1-0"]
[WhiteElo "1669"]
[BlackElo "1800"]
[PlyCount "141"]
[EventDate "2016.09.09"]
[EventType "swiss"]
[EventRounds "5"]
[EventCountry "CAN"]

1. e4 e6 2. d4 d5 3. Nc3 Bb4 4. Nge2 dxe4 5. a3 Bxc3+ 6. Nxc3 c5 7. Bb5+ Bd7 8.
Bxd7+ Nxd7 9. Nxe4 Qc7 10. dxc5 Nxc5 11. Nxc5 Qxc5 12. Be3 Qc6 13. Qg4 g6 14.
Qd4 f6 15. O-O-O e5 16. Qd6 Ne7 17. Bc5 Nf5 18. Qxc6+ bxc6 19. Rd3 Ng7 20. Rd6
O-O 21. Rxc6 Rf7 22. Rd1 Nf5 23. a4 h5 24. a5 a6 25. Rd3 Kg7 26. Rb3 Nd4 27.
Bxd4 exd4 28. Rbb6 Rff8 29. Kd2 Rab8 30. Rd6 Rxb6 31. Rxb6 Ra8 32. Kd3 Kf7 33.
b4 Ke7 34. h4 g5 35. hxg5 fxg5 36. Rg6 g4 37. g3 Rb8 38. c3 dxc3 39. Kxc3 Rc8+
40. Kd4 Rb8 41. Rb6 Rd8+ 42. Ke3 Ra8 43. b5 axb5 44. Rxb5 Rh8 45. a6 Kd6 46. a7
Ra8 47. Ra5 Kc6 48. Kf4 Kb6 49. Ra2 Kb7 50. Kg5 Rg8+ 51. Kxh5 Ka8 52. Ra4 Rf8
53. Rf4 Rh8+ 54. Kxg4 Kxa7 55. Rb4 Rg8+ 56. Kh5 Rh8+ 57. Kg6 Rg8+ 58. Kh7 Rg5
59. g4 Ka6 60. f3 Ka5 61. Rb8 Rc5 62. Kh6 Rc4 63. g5 Ka4 64. Rf8 Rh4+ 65. Kg6
Kb4 66. Kf5 Rh3 67. f4 Kc5 68. g6 Kd6 69. g7 Rg3 70. Rf6+ Ke7 71. Rg6 1-0